Conjunto completo de estados contables (Registro nro. 8309)
[ vista simple ]
| 000 -LEADER | |
|---|---|
| fixed length control field | 01439 a2200265 4500 |
| 001 - CONTROL NUMBER | |
| control field | 63749 |
| 005 - DATE AND TIME OF LATEST TRANSACTION | |
| control field | 20260407155937.0 |
| 008 - FIXED-LENGTH DATA ELEMENTS--GENERAL INFORMATION | |
| fixed length control field | 260407a2025 arg spa d |
| 003 - CONTROL NUMBER IDENTIFIER | |
| control field | AR-UNSa-BCEJYS |
| 040 ## - CATALOGING SOURCE | |
| Original cataloging agency | AR-UNSa-BCEJYS |
| Language of cataloging | spa |
| Transcribing agency | AR-UNSa-BCEJYS |
| 080 ## - UNIVERSAL DECIMAL CLASSIFICATION NUMBER | |
| Universal Decimal Classification number | 657.3 |
| Common auxiliary subdivision | Presupuestos. Cierre de Cuentas. Balances (Estados Contables) |
| 020 ## - INTERNATIONAL STANDARD BOOK NUMBER | |
| International Standard Book Number | 978-631-6694-00-3 |
| 041 ## - LANGUAGE CODE | |
| Language code of text/sound track or separate title | spa |
| 100 1# - MAIN ENTRY--PERSONAL NAME | |
| Personal name | Petti, Ana María |
| 245 10 - TITLE STATEMENT | |
| Title | Conjunto completo de estados contables |
| 264 #1 - PRODUCTION, PUBLICATION, DISTRIBUTION, MANUFACTURE, AND COPYRIGHT NOTICE | |
| Place of production, publication, distribution, manufacture | Buenos Aires : |
| Name of producer, publisher, distributor, manufacturer | Ediciones DyD |
| Date of production, publication, distribution, manufacture, or copyright notice | 2025 |
| 300 ## - PHYSICAL DESCRIPTION | |
| Extent | 347 p. |
| Dimensions | 23 cm. |
| 505 ## - FORMATTED CONTENTS NOTE | |
| Formatted contents note | 1. Emisión de normas profesionales de contabilidad en la Argentina - 2. Conjunto completo de estados contables - 3. Estado de situación patrimonial - 4. Estado de resultados - 5. Estado de evolución del patrimonio neto y su expresión en moneda de cierre - 6. Estado de flujos de efectivo. Cuestiones generales y específicas sin considerar la expresión en moneda de cierre - 7. Estado de flujos de efectivo expresado en moneda de cierre en un contexto de inflación - 8. Caso de aplicación de un juego completo de estados con sus notas en base al modelo del informe 27 de CENCYA - |
| 590 ## - LOCAL NOTE (RLIN) | |
| Local note | niveau_biblio:m niveau_hierar:0 |
| 650 ## - SUBJECT ADDED ENTRY--TOPICAL TERM | |
| Topical term or geographic name entry element | RESOLUCIÓN TÉCNICA 54 |
| 650 ## - SUBJECT ADDED ENTRY--TOPICAL TERM | |
| Topical term or geographic name entry element | resolucion tecnica 54 |
| 700 1# - ADDED ENTRY--PERSONAL NAME | |
| Personal name | Biasi, Leonardo Iván |
| 856 41 - ELECTRONIC LOCATION AND ACCESS | |
| Uniform Resource Identifier | <a href="https://biblioeco.unsa.edu.ar/pmb/images/libros/L129445.jpg">https://biblioeco.unsa.edu.ar/pmb/images/libros/L129445.jpg</a> |
| Link text | Imagen de portada |
| Electronic format type | image/jpeg |
| 942 ## - ADDED ENTRY ELEMENTS (KOHA) | |
| Koha item type | |
| Withdrawn status | Lost status | Damaged status | Not for loan | Home library | Current library | Shelving location | Date acquired | Total checkouts | Full call number | Barcode | Date last seen | Price effective from | Koha item type |
|---|---|---|---|---|---|---|---|---|---|---|---|---|---|
| Biblioteca Prof. Eusebio Cleto del Rey | Biblioteca Prof. Eusebio Cleto del Rey | 07/04/2026 | 657.3 P511 | L129445 | 07/04/2026 | 07/04/2026 | Libro | ||||||
| Biblioteca Prof. Eusebio Cleto del Rey | Biblioteca Prof. Eusebio Cleto del Rey | 07/04/2026 | 657.3 P511 | L129446 | 07/04/2026 | 07/04/2026 | Libro | ||||||
| Biblioteca Prof. Eusebio Cleto del Rey | Biblioteca Prof. Eusebio Cleto del Rey | 07/04/2026 | 657.3 P511 | L129447 | 07/04/2026 | 07/04/2026 | Libro |